|
|
|
|
| LEADER |
00894naa a2200205 i 4500 |
| 001 |
acta89587 |
| 005 |
20260226090044.0 |
| 008 |
260226s2024 hu o 100 hun d |
| 040 |
|
|
|a SZTE Egyetemi Kiadványok Repozitórium
|b hun
|
| 041 |
|
|
|a hun
|
| 100 |
1 |
|
|a Horváth Zsombor
|
| 245 |
1 |
0 |
|a Virtual Front Desk, a virtuális recepciós szoftver - VFD Dev
|h [elektronikus dokumentum] /
|c Horváth Zsombor
|
| 260 |
|
|
|a SZTE TTIK Informatikai Intézet
|b Szeged
|c 2024
|
| 300 |
|
|
|a 18-21
|
| 490 |
0 |
|
|a Szegedi Innovatív Informatika Verseny
|
| 650 |
|
4 |
|a Természettudományok
|
| 650 |
|
4 |
|a Számítás- és információtudomány
|
| 695 |
|
|
|a Szoftverfejlesztés, Programozás - számítógép, Tanulmányi verseny - informatika - középiskola
|
| 711 |
|
|
|a Szegedi Innovatív Informatika Verseny (10.)
|c Szeged
|d 2024
|
| 856 |
4 |
0 |
|u http://acta.bibl.u-szeged.hu/89587/1/sziiv_2024_018-021.pdf
|z Dokumentum-elérés
|